Départements ayant le plus de communes en "Saint" - Statistiques

Statistiques générales
  • Ce quiz a été pris 78 fois
  • Le résultat moyen est 13 sur 22
Réponses sur la Carte
Les réponses sont colorées sur une échelle allant du rouge au vert en fonction du pourcentage des utilisateurs qui les ont devinées à leur premier essai. Vous pouvez retrouver ces pourcentages ci-dessous.
 
Statistiques - réponses
Nombre de communes
Commençant par "Saint"
Département % Correct
88 Loire
90%
64 Calvados
72%
121 Gironde
72%
81 Eure
70%
92 Puy-de-Dôme
70%
86 Manche
67%
106 Isère
65%
77 Orne
65%
62 Vendée
62%
56 Ain
61%
97 Ardèche
61%
55 Savoie
61%
100 Seine-Maritime
61%
101 Charente-Maritime
59%
62 Haute-Loire
57%
79 Gard
49%
72 Creuse
48%
130 Dordogne
46%
62 Ille-et-Vilaine
46%
105 Saône-et-Loire
42%
56 Côtes d'Armor
41%
62 Corrèze
39%
Aucun quiz correspondant
Distribution des résultats
% des personnes avec chaque résultat
Percentile par nombre de réponses
Votre historique - résultats
Vous n’avez pas pris ce quiz